Songs with over 2 Billion Views - Statistics

General Stats
  • This quiz has been taken 47 times
  • The average score is 13 of 16
Answer Stats
Views Song Artists % Correct
2.15 B Hello Adele
100%
2.84 B Sorry Justin Bieber
100%
2.45 B Shake It Off Taylor Swift
100%
2.23 B Blank Space Taylor Swift
100%
2.82 B Shape of You Ed Sheeran
97%
2.37 B Roar Katy Perry
97%
2.17 B Dark Horse Katy Perry
97%
2.16 B All About That Base Meghan Trainor
84%
2.44 B Sugar Maroon 5
81%
2.03 B Counting Stars One Republic
77%
3.25 B See You Again Wiz Khalifa
74%
2.00 B Chantaje Shakira
71%
2.44 B Bailando Enrique Iglesias
65%
2.23 B Lean On Major Lazer and DJ Snake
61%
2.80 B Uptown Funk Mark Ronson
61%
4.46 B Despacito Louis Fonsi
58%
No matching quizzes found
Score Distribution
Percent of People with Each Score
Percentile by Number Answered
Your Score History
You have not taken this quiz